Internet use in the aftermath of trauma (Record no. 134589)
[ view plain ]
| 000 -LEADER | |
|---|---|
| fixed length control field | 01758nam a2200385 a 4500 |
| 245 00 - TITLE STATEMENT | |
| Title | Internet use in the aftermath of trauma |
| 260 ## - PUBLICATION, DISTRIBUTION, ETC. (IMPRINT) | |
| Place of publication | Washington, D.C. : |
| Name of publisher | IOS Press, |
| Year of publication | 2010. |
| 300 ## - PHYSICAL DESCRIPTION | |
| Number of Pages | xii, 313 p. : |
| Other physical details | ill. (chiefly col.). |
| 490 1# - SERIES STATEMENT | |
| Series statement | NATO science for peace and security series. Sub-series E, Human and societal dynamics, |
| 500 ## - GENERAL NOTE | |
| General note | "Published in cooperation with NATO Public Diplomacy Division." |
| 650 #0 - SUBJECT ADDED ENTRY--TOPICAL TERM | |
| Topical Term | Internet in medicine. |
| Topical Term | Psychic trauma |
| Topical Term | Internet |
| 700 1# - ADDED ENTRY--PERSONAL NAME | |
| Personal name | Brunet, Alain. |
| Personal name | Ashbaugh, Andrea R. |
| Personal name | Herbert, Christophe F. |
| 856 40 - ELECTRONIC LOCATION AND ACCESS | |
| Uniform Resource Identifier | http://site.ebrary.com/lib/rucke/Doc?id=10440454 |
No items available.
